00269nam a2200121Ia 45000030006000000080041000060400015000471000031000622450016000932600009001095460012001180050017001300STCL150530s9999 xx 000 0 und d aSTCLcSTCL aParameswaran Moossadh,T.C. aAmarakosham c1942 aEnglish20220125170649.0